[Event "RUS-Cup01 Chigorin Memorial"]
[Site "St Petersburg"]
[Date "1997.11.06"]
[Round "6"]
[White "Klimov, Sergey"]
[Black "Macieja, Bartlomiej"]
[Result "1-0"]
[WhiteElo "2355"]
[BlackElo "2470"]
[Annotator "Avrukh,B"]
[PlyCount "101"]
[EventDate "1997.11.01"]
[EventType "swiss"]
[EventRounds "9"]
[EventCountry "RUS"]
[SourceTitle "CBM 062"]
[Source "ChessBase"]
[SourceDate "1998.01.31"]
[SourceVersion "1"]
[SourceVersionDate "1998.01.31"]
[SourceQuality "1"]

1. d4 {Tyomkin,D} Nf6 2. c4 e6 3. Nf3 Bb4+ 4. Nbd2 b6 5. e3 Bb7 6. Bd3 c5 7.
O-O cxd4 8. exd4 O-O 9. a3 Bd6 $6 $146 {Lets white too much possibilities in
the center and blocks d-pawn.} (9... Be7 10. Re1 (10. b4 d6 (10... a5 11. b5 (
11. bxa5 Rxa5 12. Nb3 Ra7 13. Re1 d6 14. Bd2 Nbd7 15. Bb4 Bc6 16. Nfd2 Re8 17.
Rc1 {1/2-1/2 Rashkovsky,N-Bogdanovski,V/Star Dojran 1991}) 11... d6 12. Bb2
Nbd7 13. Qe2 Re8 14. Rad1 Bf8 15. Rfe1 $14 {Petrosian,A-Kosten,A/Belgrade GMA
1988/1-0(53)}) 11. Bb2 Nbd7 12. Re1 Re8 13. Qb3 (13. Rc1 $6 {the better place
for this rook is on-d1} Bf8 14. Bb1 Rc8 15. Qb3 g6 16. Qe3 Bg7 17. h3 e5 $11 {
Nutu Gajic,D-Prudnikova,S/Manila olw 1992/0-1 (51)}) 13... Bf8 14. a4 a5 15. b5
Qc7 16. Ne4 Nxe4 17. Bxe4 Bxe4 18. Rxe4 Rac8 $11 {[%csl Rc4] Ivanov,S-Ilinsky,
V/URS-chT Azov 1991/1/2-1/2 (38)}) (10. b3 d6 11. Bb2 Nbd7 12. Qe2 (12. Re1 Re8
13. Qc2 (13. b4 $6 {white could push the pawn to-b4 in one move.} Bf8 14. Qb3
g6 15. a4 a5 16. bxa5 Rxa5 17. Bc3 Ra7 18. a5 bxa5 19. Qb5 Qa8 20. Rxa5 Rxa5
21. Qxa5 Qxa5 22. Bxa5 Ra8 $15 {Ivkov,B-Bronstein,D/Sochi 1968/0-1(37)}) 13...
Bf8 14. Ne4 Rc8 15. Rac1 g6 16. Qb1 Nh5 17. Bf1 Nhf6 18. Bd3 Nh5 19. Rcd1 Qc7
20. Ned2 Bg7 {1/2-1/2 Nisman,B-Pavlovic,M/Belgrade op 1989}) 12... Re8 13. Ng5
$6 Bf8 14. f4 g6 15. Rae1 Bg7 16. Qe3 h6 17. Nge4 Nxe4 18. Nxe4 Bxe4 19. Qxe4
d5 $1 20. Qe2 (20. cxd5 Nf6 $15) 20... dxc4 21. bxc4 Nc5 $1 $15 {Petek,
M-Horvath,T/Zalakaros op 19941/2-1/2(40)}) 10... d6 (10... d5 11. b3 (11. cxd5
Nxd5 12. Ne4 Nc6 13. Bg5 Nf6 14. Bxf6 Bxf6 15. Nxf6+ Qxf6 16. Ne5 Nxe5 17. dxe5
Qg5 $15 {Landa,J-Ros,J/Euskadi-ch 1995/1/2-1/2(42)}) 11... Nc6 12. Bb2 Re8 13.
Rc1 Rc8 $6 (13... dxc4 $142) 14. c5 a5 15. Bb5 $14 {Muse,M-Assmann,T/
Badenweiler op 1990/1-0(25)}) 11. Nb1 d5 $1 12. cxd5 Nxd5 13. Nc3 Nxc3 14. bxc3
Nc6 $11 {Tarjan,J-Hecht,H/Luzern olm 19821/2-1/2(28)}) 10. b4 Nc6 11. Bb2 Ne7
12. Re1 Ng6 13. c5 $6 {[%csl Rc5,Rd5] weekens d5-point.Also c5-pawn became a
target,which will be attacked by d6.} (13. Ne5 Be7 {[%cal Gd7d6]} (13... Nf4
14. Bf1)) (13. Ne4 $142 Nxe4 14. Bxe4 Bxe4 15. Rxe4 {[%cal Gd4d5] and black is
suffering because of the fact the bishop is in missed place on-d6}) 13... Be7
14. Rc1 Rc8 {[%cal Gd7d6] preparing d7-d6 break} 15. Nc4 (15. Ne5 $6 Nf4 (15...
d6) 16. Bf1 d6) 15... d6 16. cxb6 axb6 17. b5 {[%csl Rb6,Rc6] catching some
space on the queenside.} Ra8 18. Ra1 Qb8 19. Bf1 Rc8 20. Qb3 {[%cal Ge1c1,
Yb3d1]} Bd5 21. Rec1 e5 $2 (21... Bxf3 $142 $1 {was the typical idea in this
kind of positions.} 22. Qxf3 d5 $15) 22. Qd1 Bxc4 $6 {It is not a good idea to
change the B in this position.After black push his pawns to e4 and d5,this
bishop becomes an importent piece in defence.} (22... e4 $142 23. Ne1 Be6 24.
Ne3 d5 $132) 23. Rxc4 Rxc4 24. Bxc4 e4 25. Ne1 {[%cal Ge1c2]} d5 26. Bf1 $14 {
/+/-|^<< <->c} h5 27. Nc2 Bd6 28. h3 Qf8 29. a4 Bb8 30. Ba3 Qd8 31. Ne3 Qc7 32.
g3 h4 (32... Qc3 33. Qc1 $1 Qxc1 (33... Qxd4 34. Bb2 Qc5 35. Qxc5 bxc5 36. Bxf6
gxf6 37. Nxd5 $18 {[%csl Ga4,Gb5]}) 34. Rxc1 (34. Bxc1 $6 h4 35. g4 Nf4) 34...
Rxa4 35. Rc8+ Kh7 36. Rxb8 Rxa3 37. Rxb6 $14 {/+/- o^b}) 33. Rc1 Qd8 34. g4 Nh7
$2 (34... Ra7 $142 {It was a right time to enter the rook to the game.}) 35.
Qb3 {Now black pawns became vulnerable.} Nf4 36. Nf5 Bc7 $4 (36... Ra7 {
[%tqu "En","","","","f5e7","",10]} 37. Ne7+ $1 Rxe7 38. Bxe7 Qxe7 39. Rc8+ $18)
(36... Ng6 $8 37. Rc6 Ng5 38. Bg2) 37. Qc2 $1 {[%csl Rc7] Suddenly black's
position became hopeless.} Ra7 (37... Ne6 38. Be7 Qd7 39. Bxh4 $18) 38. Ne7+
Kh8 39. Nc6 Qg5 40. Nxa7 Ne6 41. Qxc7 {It was not big reason to panic,but
white is still winning} (41. Nc6 Qf4 42. Ne5 Nhg5 43. Bg2 $18) 41... Nxc7 42.
Rxc7 g6 43. Bc1 Qf6 44. Nc6 Kg8 45. a5 Ng5 46. Bxg5 Qxg5 47. axb6 e3 48. b7
exf2+ 49. Kg2 Qe3 50. b8=Q+ Kg7 51. Re7 1-0

[Event "Asker 75th"]
[Site "Asker"]
[Date "1997.11.25"]
[Round "4"]
[White "Hellsten, Johan"]
[Black "Johannessen, Leif Erlend"]
[Result "1-0"]
[WhiteElo "2495"]
[BlackElo "2330"]
[Annotator "Avrukh,B"]
[PlyCount "45"]
[EventDate "1997.11.22"]
[EventType "tourn"]
[EventRounds "9"]
[EventCountry "NOR"]
[EventCategory "10"]
[SourceTitle "CBM 062"]
[Source "ChessBase"]
[SourceDate "1998.01.31"]
[SourceVersion "1"]
[SourceVersionDate "1998.01.31"]
[SourceQuality "1"]

1. d4 {Tyomkin,D} e6 2. Nf3 Nf6 3. e3 c5 4. Bd3 d5 5. O-O Nc6 6. b3 Be7 7. Bb2
O-O 8. Nbd2 b6 9. c4 cxd4 10. exd4 Bb7 11. Rc1 {-E14} a6 $6 $146 {Strange move
which doesn't help for development and only weelens black's position.} (11...
Rc8 $142 12. Qe2 (12. Re1 Re8 13. Ne5 (13. a3 dxc4 $1 14. bxc4 g6 15. Bb1 Bf8
16. Ba2 Bg7 17. d5 exd5 18. Rxe8+ Nxe8 $1 19. Bxg7 Kxg7 $1 20. cxd5 Ne7 21.
Rxc8 Nxc8 $15 {Torre-Gheorghiu, Wijk aan Zee 1981}) 13... Bf8 14. Ndf3 Nxe5 15.
Nxe5 Rc7 16. c5 $1 $16 {Karpov-Andersson, Tilburg 1980}) (12. Bb1 Re8 13. Ne5
dxc4 14. Nxc6 Bxc6 15. bxc4 b5 $1 $15 {Hesse-Malich, Leipzig 1977}) (12. a3
dxc4 13. bxc4 Na5 14. Re1 Bd6 15. Rc3 Rc7 16. Ne5 Qa8 17. d5 $1 $36 {
Fink-Balinas, USA 1991}) 12... Ba6 $146 (12... Re8 13. Rfd1 Bf8 14. Qe3 (14.
Ne5 $6 dxc4) 14... g6 15. h3 Nd7 16. Nf1 $6 dxc4 17. bxc4 Ba6 18. N1d2 Bg7 $11
{Hoi,C-Maksimenko,A/Copenhagen op 1994/0-1 (33)}) 13. Rfd1 Nh5 $5 (13... Na5
14. Ne5) 14. Qe3 (14. g3 {[%cal Ga8h1]} Nf6 $11) 14... Na5 15. g4 $2 {Playing
with fire , white weakens position of his own king, hoping , that their
activity will compensate it.} (15. Ne5 Bg5 16. Qh3 g6 $15) (15. Rc2 {[%cal
Gd1c1,Yf3e5,Ye3h3] was more accurate, with idea to play 16Rdc1,and maybe
16Ne5andQh3.}) 15... Nf6 16. Ne5 Nd7 $1 {Black at once changes one knight,and
their presure on whit's centre becomes very unpleasant.} 17. Ndf3 $2 (17. Nxd7
Qxd7 18. cxd5 $1 {The best chance to hold position.}) 17... Nxe5 18. Nxe5 dxc4
19. bxc4 g6 {with idea 20...f6} 20. Bf1 f6 21. Nf3 Qd7 $17 {Taimanov,
M-Romanovich,L/St Petersburg-ch 1997/1/2-1/2(37)}) 12. a3 dxc4 13. bxc4 Qd7 $6
(13... Re8 $142 {[%cal Ge7f8,Ga8c8]}) 14. Qe2 $16 Rfd8 15. Rfd1 Qe8 16. Bb1 {
white prepares attack the black king which usually starts with d4-d5 break} Qf8
$4 {It was a time to think about the defence.} (16... g6 $142 17. Ne4 {[%cal
Rd4d5]}) 17. Ne4 {[%cal Rd4d5]} Na5 (17... Nxe4 18. Qxe4 g6 19. d5 exd5 20.
cxd5 Nb8 (20... Na5 21. Qd4 $18) 21. Qd4 f6 22. Qxb6) {[%tqu "En","","","",
"d4d5","",10]} 18. d5 $1 $18 {this idea is not a new one.} exd5 (18... Nd7 19.
dxe6 fxe6 20. Neg5 $18) 19. Nxf6+ gxf6 (19... Bxf6 20. Qd3) 20. Nh4 d4 (20...
Nxc4 21. Qh5 h6 22. Nf5 $18) 21. Nf5 Bc5 22. Qg4+ Kh8 23. Qh4 1-0

[Event "Schahin Cury"]
[Site "Americana"]
[Date "1997.07.08"]
[Round "1"]
[White "Sorin, Ariel"]
[Black "Urday Caceres, Henry"]
[Result "1/2-1/2"]
[WhiteElo "2460"]
[BlackElo "2445"]
[Annotator "Avrukh,B"]
[PlyCount "99"]
[EventDate "1997.07.08"]
[EventType "tourn"]
[EventRounds "10"]
[EventCountry "BRA"]
[EventCategory "9"]
[SourceTitle "CBM 061"]
[Source "ChessBase"]
[SourceDate "1997.11.23"]
[SourceVersion "1"]
[SourceVersionDate "1997.11.23"]
[SourceQuality "1"]

1. d4 {Baburin,A} Nf6 2. c4 e6 3. Nf3 Bb4+ 4. Nbd2 O-O 5. e3 b6 6. Bd3 Bb7 7.
O-O d5 8. a3 Be7 9. b4 a5 (9... dxc4 10. Nxc4 Nbd7 11. Bb2 Rb8 (11... c5 12.
dxc5 bxc5 13. b5 $14) 12. Qe2 (12. b5 $5) 12... c5 13. dxc5 bxc5 14. Rfd1 cxb4
15. axb4 Bxb4 16. Nfe5 Qe7 17. Rxa7 Rfc8 18. Bd4 Bc5 $11 {0-1 Hort,V-Larsen,B/
Bugojno 1980/MCD-r8 (35)}) (9... Nbd7 10. c5 $5 (10. Bb2 c5 11. Qb3 Qb8 12.
bxc5 bxc5 13. Rab1 cxd4 14. Bxd4 Bc6 15. Qc2 Qc8 16. Ne5 Nxe5 17. Bxe5 h6 $11 {
Narciso Dublan,M-Arencibia,W/Anibal op4th 1997/CBM 58/0-1 (62)}) 10... a5 11.
Bb2 axb4 (11... bxc5 $2 12. dxc5 c6 13. Qe2 Qc8 14. Nb3 a4 15. Nbd2 Ba6 16.
Rfd1 Bxd3 17. Qxd3 Ne8 18. e4 $16 {Kempinski Robert-Hobuss Udo/Biel 1996/1-0 
(47)}) 12. axb4 Rxa1 13. Qxa1 Qa8 14. Rc1 Qxa1 15. Rxa1 Ra8 16. Rxa8+ Bxa8 17.
Bb5 Kf8 18. Bc3 Nb8 19. Ne5 Ne4 20. Nxe4 dxe4 21. Nd7+ {1/2-1/2 Kharitonov,
A-Solozhenkin,E/RUS-ch Elista 1994}) (9... c5 10. bxc5 bxc5 11. Rb1 Ba6 12. Ne5
cxd4 13. exd4 Qc8 14. Bb2 (14. Rb3) 14... Nbd7 15. Qf3 Bb7 16. Rfc1 dxc4 17.
Qh3 cxd3 $1 18. Rxc8 Raxc8 {1/2-1/2 Khalifman,A-Illescas Cordoba,M/Linares 1995
}) 10. b5 (10. Rb1 $6 axb4 11. axb4 dxc4 12. Nxc4 Na6 13. Bd2 Ne4 14. Be1 Qd5
15. b5 Nb8 16. Qc2 Nd7 17. Bb4 Bxb4 18. Rxb4 Ra7 $15 {[..59] 0-1 Hummel,
D-Kishnev,S/Neuwied op 1993 (32)}) 10... Nbd7 (10... c5 $6 11. bxc6 Nxc6 12.
Rb1 {[%csl Gb6]} Rb8 (12... Ba6 13. Qb3 Rb8 14. cxd5 Bxd3 15. Qxd3 exd5 16. Bb2
Qd6 17. Ne5 Rfc8 18. Rfc1 Rc7 19. Qa6 $1 $16 {1/2-1/2 Uhlmann,W-Schoeneberg,M/
Zinnowitz 1967 (36)}) 13. Qe2 Ba6 14. Bb2 (14. cxd5) 14... dxc4 15. Nxc4 Bb7
16. Ncd2 Na7 17. Ne5 b5 18. e4 $36 {Danner,G-Lorincz,I/Budapest Elekes 1993/1/
2-1/2 (92)}) 11. Qc2 $146 (11. Bb2 Bd6 12. cxd5 exd5 13. Ne5 {[%csl Gc6]} Ne4 (
13... Bxe5 14. dxe5 Ne4 15. e6 $1 fxe6 16. Nxe4 dxe4 17. Qg4 $16) 14. Ndf3 f6
$2 (14... Nxe5 $142 15. dxe5 Bc5 16. Nd4 {[%cal Gf2f3]} Qg5 $13) 15. Nc6 Qe8
16. Qb3 Qf7 17. a4 Rfe8 18. Ba3 (18. Rac1 $1 $16 {[%cal Gb2a3]}) 18... Bxa3 19.
Qxa3 Bxc6 20. bxc6 Nb8 21. Rac1 Na6 $11 {Bielicki,C-Reinhardt,E/Mar del Plata
1961/MCD-r6/1-0 (50)}) 11... h6 12. cxd5 exd5 {[#] Baburin: In positions like
this, White usually tries to exchange the dark-squared bishops (White's bishop
is inactive), then puts pressure on the backward c7-pawn. This is exactly what
was tried in this game.} 13. a4 (13. Ne5 Nxe5 14. dxe5 Nd7 15. Bb2 Nc5 16. Bh7+
(16. f4 Nxd3 17. Qxd3 c5 $1 $15 18. bxc6 $140 $2 Ba6 $17) 16... Kh8 17. Bf5 Qe8
18. a4 c6 $132) (13. Bf5 $5 {[%cal Gf3e5]} Bd6 14. Bb2 Re8 15. Rfc1 Ne4 (15...
Qe7 16. Ne5 Nxe5 17. dxe5 Bxe5 18. Bxe5 Qxe5 19. Nf3 $1 $16) 16. Nxe4 dxe4 17.
Nd2 Nf6 18. Nc4 Bc8 $1 19. Nxd6 cxd6 20. Bxc8 Rxc8 21. Qb3 Qd7 $11) 13... Rc8 {
[%cal Gc7c5]} 14. Ba3 (14. Ne5 $143 c5 $1 (14... Nxe5 15. dxe5 Nd7 16. Bf5 c6
$13) 15. bxc6 Nxe5 16. dxe5 Nd7 $1 $15) (14. Bf5 c6 (14... c5 15. dxc5 bxc5 16.
Bb2 $14 {[%csl Ra5,Rc5,Rd5]}) 15. bxc6 Rxc6 16. Qb3 Ba6 {[%cal Gd8c7,Ge7b4]}) (
14. Bb2 {[%cal Gf3e5]} c5 15. bxc6 Rxc6 16. Qb3 Bb4) 14... c5 {If Black leaves
the pawn on c7, it may become very vulnerable later on.} 15. bxc6 (15. dxc5 $5
bxc5 (15... Nxc5 $6 {[%csl Gd4,Rd5]} 16. Bf5 {with advantage.}) 16. Bf5 Qb6 17.
Rfd1 Rc7 18. Rac1 $14) 15... Rxc6 16. Qb3 $14 {[%csl Gb6,Gd5]} (16. Qb2 Bxa3
17. Rxa3 Qc7) 16... Bxa3 17. Qxa3 Qc7 18. Bb5 (18. Rac1 Rc8 19. Rxc6 Qxc6 20.
Bf5) 18... Rc3 19. Rac1 Rc8 (19... Qxh2+ $4 20. Kxh2 Rxa3 21. Rc7 $18) 20. Rxc3
Qxc3 21. Nb3 {[%cal Gf1c1]} (21. Qxc3 Rxc3 22. Rb1 Kf8 23. Kf1 Ke7 24. Ke2 Bc6
$11) 21... Qc7 (21... Qc2 $2 22. Rc1 Qf5 23. Rxc8+ Bxc8 24. Nbd2 {[%cal Ga3d6]}
Qe6 25. Qc3 {with clear advantage.}) 22. Rc1 Qb8 (22... Qd8 23. Qd6 Rxc1+ 24.
Nxc1 Qb8 25. Qxb8+ Nxb8 26. Ne5 Ne4) 23. Nbd2 (23. Rxc8+ Qxc8 24. Qd6 Qb8 25.
Qxb8+ Nxb8 26. Ne5 Ne4 $11 {[%cal Ge4d6]}) 23... Rxc1+ 24. Qxc1 Qd6 25. Qc3 Ne8
(25... Ne4 26. Nxe4 dxe4 27. Nd2 Nf6 $11) 26. Ne5 Ndf6 (26... Nxe5 $143 27.
dxe5 (27. Bxe8 Nc6 $11) 27... Qc7 28. Qd4 Kf8 29. h3 $14) 27. f3 Qc7 28. Qb2 (
28. Nb1 Qxc3 29. Nxc3 Nd6 $11) 28... Nd6 29. Bd3 Bc8 $1 {[%cal Gc8f5]} 30. Nb1
{[%cal Gb1c3]} (30. g4 Nd7) 30... Bf5 31. Qc3 (31. Bf1 Bxb1 32. Qxb1 Qc3 33.
Qd3 Qe1 $1 {and black is not worse.}) 31... Qb7 {[%cal Gb6b5]} (31... Qxc3 32.
Nxc3 Bxd3 33. Nxd3 $14 {[%cal Ge3e4]}) 32. Bxf5 Nxf5 33. Na3 Nd6 34. Qc6 Qxc6
35. Nxc6 Kf8 36. Kf2 Ke8 37. Ke2 Kd7 38. Ne5+ Ke6 39. Kd3 Nfe8 40. g4 g5 $1 41.
Nc6 Kd7 42. Na7 Nc7 43. e4 f6 $11 44. Ke3 (44. Nb1 Ne6 45. Nc3 Nf4+) 44... Ke7
45. Nb1 Nc4+ 46. Kf2 Ne6 47. Nb5 Nf4 48. N1c3 dxe4 49. fxe4 Kd7 {Black
defended very good during all the game ,and now white has no useful moves to
strenghten his position.} 50. Nd1 1/2-1/2

[Event "Lee Cup 4th"]
[Site "Beijing"]
[Date "1997.08.24"]
[Round "2"]
[White "Zhang, Weida"]
[Black "Yu, Shaoteng"]
[Result "0-1"]
[WhiteElo "2335"]
[BlackElo "2400"]
[Annotator "Avrukh,B"]
[PlyCount "72"]
[EventDate "1997.08.23"]
[EventType "swiss"]
[EventRounds "11"]
[EventCountry "CHN"]
[SourceTitle "CBM 061"]
[Source "ChessBase"]
[SourceDate "1997.11.23"]
[SourceVersion "1"]
[SourceVersionDate "1997.11.23"]
[SourceQuality "1"]

1. Nf3 Nf6 2. c4 b6 3. d4 e6 4. e3 Bb7 5. Bd3 Be7 6. O-O O-O 7. b3 d6 (7... d5
8. Bb2 Nbd7 9. Nc3 (9. Qe2 Ne4 10. Nc3 f5 (10... Nxc3 11. Bxc3 c5 $11) 11. Rac1
Nxc3 $2 (11... a6 $142 12. Nd2 Bd6) 12. Bxc3 c6 13. b4 $16 {Kosyrev
Vladimir-Rapoport Evgeny/ECHB18 Tallinn 1997/1-0 (44)}) 9... Re8 10. Rc1 a6 11.
Qe2 Ne4 12. Rfd1 Bd6 13. Nd2 f5 $2 (13... Nxd2 14. Rxd2 Qh4 15. h3 c5 $132) 14.
Nf1 Qg5 15. f3 Nxc3 16. Bxc3 f4 $2 (16... dxc4 17. bxc4 e5 $2 18. c5 bxc5 19.
Bc4+ Kh8 20. dxe5 Nxe5 21. f4 $18) 17. e4 $16 {1-0 Eperjesi,L-Roser,K/FSIM
July, Budapest HUN 1997 (23)}) 8. Nc3 c5 (8... Nbd7 9. e4 e5 $6 (9... c5 $142)
10. d5 Nc5 11. Bc2 a5 12. a3 Bc8 13. Rb1 Bg4 14. h3 Bh5 15. b4 Ncd7 16. Ba4 $16
{1-0 Hoffman,A-Cazorla Tellez,F/Malaga op 1991 (43)}) 9. d5 (9. Bb2 {also
possible}) 9... exd5 10. cxd5 Nbd7 (10... Nxd5 11. Nxd5 Bxd5 12. Bxh7+ Kxh7 13.
Qxd5 Nd7 14. Rd1 (14. Bb2 Bf6 15. Qf5+ g6 16. Bxf6 Nxf6 17. Qf4 Qe7 $11) 14...
Bf6 15. Rb1 Ne5 16. Nd2 $1 $16 {[%cal Gd2e4]}) 11. e4 (11. Bb2 $143 Nxd5 12.
Nxd5 Bxd5 13. Bxh7+ Kxh7 14. Qxd5 {see 10..Nd5}) 11... Ng4 12. Bb2 (12. h3 $2
Bf6 13. Bb2 (13. hxg4 $6 Bxc3 14. Rb1 Ne5 $1) 13... Nge5 14. Nxe5 Nxe5 15. Bc2
(15. Be2 {[%cal Gf2f4]} Ng6 16. f4 Bd4+ 17. Kh1 f5 $17) 15... Ng6 16. f4 Bd4+
17. Kh1 f5 $1 18. exf5 Ne7 {and black is better.}) 12... Bf6 13. Re1 $6 (13.
Nd2 $142 Nge5 (13... Bxc3 $2 14. Bxc3 Qh4 15. Nf3 Qh5 16. h3 $16) 14. Bc2 (14.
Be2 Ng6) 14... Ng6 15. Nc4 $14) 13... a6 14. a4 (14. Nd2 Nxf2 $1 (14... Bxc3
15. Bxc3 Qh4 16. Nf3 Qxf2+ 17. Kh1 {[%csl Rf2]} Nde5 18. Bxe5 dxe5 (18... Nxe5
19. Re2 Nxd3 20. Qd2 $1 $16) 19. Re2 c4 20. bxc4 Qc5 21. Qg1 $14 {[%csl Gb6]})
15. Kxf2 Bd4+ 16. Ke2 Qh4 17. Qc2 Qg4+ (17... Qxh2 18. Kd1 Qxg2 $44) 18. Kf1
Ne5 $36 {[%cal Gf7f5]}) 14... Re8 15. Bf1 Bc8 16. h3 (16. Qd2 Ra7 $1 (16...
Nde5 $5) 17. h3 Nge5 18. Nxe5 Bxe5 $15 {[%cal Gd7f6,Ga7e7]}) 16... Nge5 17. Nd2
(17. Nxe5 Bxe5 18. g3 Bd4 $15) 17... Ng6 (17... Ra7 18. g3 $1 (18. f4 $2 Ng6
19. g3 Bd4+ 20. Kg2 Nf6 $17 {[%cal Gh7h5,Ga7e7,Gh5h4]}) 18... Ng6 19. Bg2 $14)
18. Qc2 $2 (18. g3 Qe7 (18... Bd4 19. Nf3 Nde5 20. Nxd4 cxd4 21. Nb1 $16) 19.
Kg2 $1 (19. f4 $6 Bd4+ 20. Kh2 (20. Kg2 Qf6 21. Qf3 (21. Rc1 Nxf4+ 22. gxf4
Qxf4 $44) 21... Bb7 22. Rab1 Re7 23. Nd1 Rae8 $1 {and black is clearly better.}
(23... Nde5 24. fxe5 Qg5 25. Bxd4 Nh4+ 26. Kf2 Nxf3 27. Nxf3 $16) (23... Bxd5
24. Ne3 Bb7 25. Ng4 $16)) 20... Bf2 21. Re2 Bxg3+ 22. Kxg3 Qh4+ 23. Kh2 Qxf4+
24. Kh1 Nde5 $36) (19. Kh2 Bd4 20. f4 Bf2) 19... Bb7 20. f4 {with advantage.})
18... h5 $1 19. Nd1 h4 20. Ne3 Bxb2 (20... Nf4 $143 21. Ndc4 Bxb2 22. Qxb2 Ne5
(22... Nf6 23. f3 $13) 23. Nxe5 Rxe5 24. Nc4 Rg5 25. Kh1 {and white is O.K.})
21. Qxb2 Nde5 (21... Nf4 22. Ndc4 {see 20...Nf4}) 22. Nec4 (22. Ndc4) 22... Ra7
$1 (22... Nf4 {not so good} 23. Nxe5 Rxe5 24. Nf3) 23. Qc3 (23. Nxe5 $142 Nxe5
(23... Rxe5 24. Nc4 (24. Nf3 Re8 25. Qd2 Qf6 {[%cal Gc8h3]}) 24... Rg5 (24...
Re8 25. e5) 25. Kh1 {and white is better.}) 24. Nc4 Ng6 (24... Nxc4 25. bxc4
Rae7 26. Bd3) (24... Rae7 25. f3 $11 (25. Qc2)) 25. e5 Nxe5 26. Nxe5 dxe5 27.
Rxe5 Rxe5 28. Qxe5 Re7 29. Qb8 Rd7 $11) 23... Rae7 24. f3 (24. Nxe5 Rxe5) 24...
Nf4 25. Kh1 $2 (25. Nxe5 $1 Rxe5 26. Nc4 Qg5 $1 (26... Rh5 27. Qd2 Qg5 28. Kh1
{[%csl Gb6,Gd6]}) (26... Rg5 27. Kh1 Rg6 {[%cal Gd8g5]} (27... b5 28. axb5 axb5
29. Ne3 b4 30. Qd2) 28. Qd2 Nh5 (28... Qg5 {[%cal Gc8h3]} 29. Qf2 b5 30. axb5
axb5 31. Nb6) 29. Bd3 {[%cal Ge4e5]} Rh6 30. b4 $16) 27. Kh1 (27. Nxe5 Nxh3+
$11 (27... Rxe5 28. Kh1 {see 27 Kh1})) 27... Qg3 28. Nxe5 (28. Nxd6 $2 Bxh3 29.
gxh3 Nxh3) 28... Rxe5 {[%cal Ge5g5,Gc8h3]} 29. Qe3 (29. Ra2 Nxd5 30. Qd2 Nb4
$44) 29... Nxd5 30. Qd2 Nb4 $44) 25... Neg6 $1 26. Reb1 {[%cal Gb3b4]} (26. b4
$2 Nxd5 $19) 26... Nh5 (26... a5 27. Ne3) 27. b4 Ng3+ 28. Kh2 Nf4 29. bxc5 bxc5
30. Rb6 Rd7 $6 (30... Bxh3 $1 31. Rxd6 (31. gxh3 Nxf1+ 32. Nxf1 Qd7 33. Qd2
Qxh3+ 34. Kg1 Qxf3 {with decisive attack}) 31... Rd7 32. Rxd7 Bxd7 $17 {
[%csl Rh2][%cal Gd8g5,Gh4h3]}) 31. Rb8 Qg5 32. Ne3 Nge2 $2 $138 (32... Rdd8 33.
Ng4 (33. Re1 f5 $17) 33... f5 34. exf5 Nxf1+ 35. Nxf1 (35. Rxf1 Ne2 $19 {
[%cal Gg5f4,Ge2g3]}) 35... Nxd5 36. Qc4 Qxf5 37. Kh1 Kh8 38. Rd1 Nf4 39. Nfe3
$44) (32... Rde7 $1 {[%cal Gf7f5]} 33. Ng4 (33. Ndc4 Nxf1+ 34. Rxf1 Ne2 $19 {
[%cal Gg5f4,Ge2g3]}) (33. Re1 f5) 33... Kh7 $1 $17 (33... f5 34. exf5 Nxf1+ 35.
Nxf1 Nxd5 36. Qc4) 34. Bc4 $140 Bxg4 35. Rxe8 Bh5 $3 $19 {[%csl Gg2]}) 33. Bxe2
Nxe2 34. Qd3 $4 $138 (34. Qa3 $8 Rdd8 {[%cal Gc8h3]} (34... Qg3+ 35. Kh1 Qf2
36. Nec4 Nf4 37. Rg1 Rdd8 38. Qe3) (34... Rb7 35. Rxb7 Bxb7 36. Ndc4 Nd4 37.
Rb1 Bc8 38. Nf1 $13 {[%cal Ga3e3]}) 35. Ndf1 Bd7 (35... c4 $2 36. Rb2) (35...
Qf4+ 36. Kh1 Bxh3 37. Rxd8 Rxd8 38. gxh3 Qxf3+ 39. Ng2 Qxe4 40. Qe3 $14) 36.
Rxd8 Rxd8 (36... Qe5+ 37. Kh1 Rxd8 38. Rb1 $11) 37. Qb2 Re8 $15) 34... Qe5+ 35.
f4 Nxf4 36. Qb1 Nxd5+ 0-1